000 00461nam a2200121 a 4500
008 120416s1996 ||||||||||||||||| || u
020 _a1557755787
050 _aIMF(058)A5
245 0 0 _aIMF Committee on Balance of payments statistics, annual report 1995.
260 _aWashington, D.C.
_bIMF
_c1996
350 _a0.00
995 _D0.00
_FCBU-MAIN LIBRARY (Kitwe)
_H1
_I0.00
_M1
_UAVAILABLE
_ZInternational Publications
999 _c46187
_d46187